| 000 | 00888 a2200253 4500 | ||
|---|---|---|---|
| 020 | _a978-0-14-311684-4 | ||
| 020 | _a0-14-311684-3 | ||
| 020 | _a978-1-59420-198-1 | ||
| 040 |
_aDLC _bDLC |
||
| 100 | 1 | _aSinger, P. W. | |
| 245 | 1 | 0 |
_aWired for war : the robotics revolution and conflict in the twenty-first century _cP.W. Singer |
| 246 | 3 | 0 | _aRobotics revolution and conflict in the twenty-first century |
| 246 | 3 | 0 | _aRobotics revolution and conflict in the 21st century |
| 260 |
_aNew York : _bPenguin Books, _c2010 |
||
| 300 |
_a499 p., : _bill. ; _c23 cm. |
||
| 650 | 7 |
_aRobotteknik _xmilitra aspekter |
|
| 650 | 7 |
_aMilitary art and science _xForecasting |
|
| 650 | 7 |
_aRobotics _xMilitary applications |
|
| 650 | 7 | _aMilitary robots | |
| 650 | 7 | _aMilitary weapons | |
| 650 | 7 | _aTwenty-first century | |
| 650 | 7 |
_aWorld politics _y21st century |
|
| 942 |
_cBK _k355.020112 SIN _2ddc |
||
| 999 |
_c10345 _d10345 |
||